| 000 | 01516nam a2200349 i 4500 | ||
|---|---|---|---|
| 001 | 768714001 | ||
| 003 | CO-MdFUSB | ||
| 005 | 20240308113352.0 | ||
| 007 | ta | ||
| 008 | 240229t2017 -usad||| |||| 00| 0 spa d | ||
| 020 | _a9781946707048 | ||
| 040 |
_aCO-MdFUSB _bspa _cCO-MdFUSB _dCO-MdFUSBC _erda |
||
| 041 | _aspa | ||
| 082 |
_223 _a253.7 _bL685 |
||
| 100 |
_aLeys, Lucas, _eautor |
||
| 245 |
_aLiderazgo generacional _c/ Lucas Leys ; comentado por Félix Ortiz , Kara Powell |
||
| 264 | 1 |
_be625, _aDallas, Texas, Estados Unidos : _c[2017] |
|
| 264 | 4 | _c©2017 | |
| 300 |
_a218 páginas _c; 23 cm |
||
| 336 |
_2rdacontent _atexto _btxt |
||
| 337 |
_2rdamedia _asin mediación _bn |
||
| 338 |
_2rdacarrier _avolumen _bnc |
||
| 504 | _aIncluye Bibliografía páginas 209-218 | ||
| 505 | _aPresentación personal / Carlos Mraida. -- La declaración de intención. -- ¿Qué es el liderazgo generacional? -- Cuatro paradigmas que debemos dejar atrás. -- La visión estratégica. -- La eclesiología del ministerio generacional. -- La cinco etapas camino a la adultez. -- El liderazgo situacional. -- El plan necesario. -- El matiz relacional. -- La inteligencia cultural. -- La belleza del cambio. -- Preguntas y respuestas de implementación. -- Liderazgo generacional y teología. | ||
| 563 | _aRústico | ||
| 650 | 0 |
_aLiderazgo _92014 |
|
| 653 | _aEclesiología | ||
| 700 |
_aOrtiz, Félix, _99143 _ecomentarista |
||
| 700 |
_aPowell, Kara, _99144 _ecomentarista |
||
| 942 | _cBK | ||
| 945 | _aJTF-925 | ||
| 999 |
_c69315 _d69315 |
||